000 00729nam0a2200229 4500
001 RU\NLR\BIBL_A\011808693
005 20250626133646.0
035 _a(NLR Aleph) 011808693
090 _a11906500
_c11906500
100 _a20181003d1934 |||y0rusy50 ca
101 0 _ache
102 _aRU
105 _ay z 000by
200 1 _aПолитотдел
_eпьеса кхаа декъехь
_fС. Бадуев
210 _aСоьлж-ГIала
_cНохчгIалгIкъамзорб
_d1934
215 _a22 с.
_d22
686 1 _aШ6(2=Че)7-6
700 1 _aБадуев
_bС.С.
_f1904-1943
_gСаид Сулейманович
_4070
852 _aNLR
_bОНЛ
_jЧеч./3-374
942 _cBOOK
980 _aNB